000 01788nam a2200229Ii 4500
008 221202s xx 000 0 und d
100 1 _aLlewellyn-Smith, Michael,
_eauthor
245 0 _aBehind the Scenes :
_b The politics of planning Adelaide
264 _bUniversity of Adelaide Press
_c2012
300 _a1 online resource (400 pages)
336 _atext
_btxt
_2rdacontent
337 _acomputer
_bc
_2rdamedia
338 _aonline resource
_bcr
_2rdacarrier
520 _aBehind the Scenes examines planning in the City of Adelaide from 1972 until 1993 within the historical framework of City/State relations from 1836 when the Province of South Australia was founded. During this 21-year period, the City had its own planning and development control legislation separate from the rest of the State. Dr Llewellyn-Smith examines why this situation came about, why it continued for this particular period and why it ceased in 1993 when the separate legislation was repealed and the City became part of the State system under the new Development Act 1993. Behind the Scenes includes original interviews with many of the key individuals in the City and State who played influential roles during this period. Dr Llewellyn-Smith himself was the City Planner from 1974 until 1981 and then the Town Clerk/Chief Executive Officer of the Adelaide City Council from 1982 until 1993: this book, then, is both a work of scholarship and an insider's account.
653 _aCity Development
653 _aCity Planning
653 _aHistory
653 _aPolitics
653 _aSydney City Council
856 _uhttps://docs.google.com/spreadsheets/d/1yKIrdCPDAG_9c22mwoOIO2DOhtj65Wqa/edit?usp=sharing&ouid=106555315294820607512&rtpof=true&sd=true
_yList of Curated E-Books
942 _cE-BOOK
999 _c91944
_d91941